| 000 | 00651nam a2200133Ia 4500 | ||
|---|---|---|---|
| 008 | 220620s9999||||xx |||||||||||||| ||und|| | ||
| 022 | _a16648714 | ||
| 100 | _aTalma Hendler||Alexander J Shackman||Hadas Okon-Singer||Luiz Pessoa | ||
| 245 | 4 | _aThe neurobiology of emotion-cognition interactions | |
| 546 | _aEnglish[eng] | ||
| 650 | _aemotion control||Exogenous and Endogenous Attention||mid cingulate cortex||Amygdala||working memory||Emotion Regulation||brain networks||emotion cognition interactions||Prefrontal Cortex | ||
| 856 | _uhttp://journal.frontiersin.org/researchtopic/909/the-neurobiology-of-emotion-cognition-interactions | ||
| 942 | _cEB | ||
| 999 |
_c24484 _d24484 |
||